| 000 | 00528nam a2200169 4500 | ||
|---|---|---|---|
| 008 | 171213b xxu||||| |||| 00| 0 eng d | ||
| 020 | _a9780070094840 | ||
| 082 |
_21996 _aDC 808.0427 _bB96 |
||
| 100 |
_925147 _aBuscemi, Santi V., author. |
||
| 245 |
_aA reader for developing writers / _cSanti V. Buscemi. |
||
| 250 | _aThird edition | ||
| 260 |
_aNew York : _b McGraw-Hill, _c©1996. |
||
| 300 |
_axxviii, 579 pages ; _c24 cm. |
||
| 500 | _aIncludes index. | ||
| 650 | 0 |
_925148 _aEnglish language _xRhetoric. |
|
| 942 |
_2ddc _cDC |
||
| 999 |
_c8125 _d8125 |
||